000 01066nam a2200253 i 4500
001 53376
003 ES-MaACL
005 20251001144822.0
007 t|
008 940202m18741876sp ||||1| spa d
040 _aCAM
_bspa
080 _a34(460)"18"(03)
100 1 _aEscriche, Joaquín.
_947647
245 1 0 _aDiccionario razonado de legislación y jurisprudencia /
_cpor Joaquín Escriche.
250 _aNueva ed.
_bref. y... aum. con la inclusión de la parte vigente del suplemento, escrito por D. Juan Maria Biec... y D. José Vicente y Caravantes... con nuevos artículos doctrinales por... D. José Vicente y Caravantes y D. León Galindo y de Vera...
260 _aMadrid :
_b[s.n.],
_c1874-1876 (
_fImp. de Eduardo Cuesta)
300 _a4 v. ;
_c31 cm.
650 0 4 _aDerecho-
_zEspaña-
_vDiccionarios.
_911612
700 1 _aVicente y Caravantes, José,
_dca. 1820-1880
_9133668
700 1 _aGalindo y Vera, León,
_d1820-1889
_953452
700 0 _aBiec, Juan María.
_928797
852 _aES-MaACL
_jB-10890-93
999 _c53376
_d53376